|
|
|
|
| LEADER |
00568cam a2200193 a 4500 |
| 001 |
0000054162 |
| 005 |
20030602090000.0 |
| 040 |
|
|
|a mod
|
| 041 |
|
|
|a eng
|
| 020 |
0 |
0 |
|a 0072300604
|
| 090 |
0 |
0 |
|a 301.0121
|b REA
|
| 245 |
0 |
0 |
|a Readings in social theory
|b the classic tradition to post-modernism
|c edited by James Farganis
|
| 250 |
0 |
0 |
|a 3rd ed
|
| 260 |
0 |
0 |
|a Boston
|b McGraw-Hill
|c 2000
|
| 300 |
0 |
0 |
|a xii, 442p.
|c 23cm
|
| 650 |
0 |
0 |
|a Sociology
|x Philosophy
|
| 700 |
1 |
1 |
|a Farganis
|h James
|
| 852 |
0 |
0 |
|a 01
|
| 999 |
|
|
|a 0171733
|b KEMENTAH
|d BOOKS
|e Umum
|f Perpustakaan KEMENTAH
|j AVAILABLE
|q GOOD CONDITION
|